00718 a2200229 4500001000700000003000400007005001700011008004100028020001800069082001800087100001600105245009800121260004100219300001000260630001600270630001900286630002700305700001600332942001200348999001700360952011100377138751OSt20210921105405.0  a9788183421751 a361.303bP27E1 aPatel, A.K.1 aEncyclopaedia of social work : women and social work (Volume V)cby A.K. Patel and M.V. Dubey aNew DelhibCrescent Publishingc2009 a272p. aSocial Work aSocial service aSocial work philosophy aDubey, M.V. 2ddccBK c11520d11520 00102ddc40708TXBaCURAJbCURAJd2014-03-12eSCWg0.00o361.303 P27Ep14417r2024-11-21w2020-09-02yBK